000
00489nam a2200181Ia 4500
008
100917s9999 xx 000 0 und d
082
_b
25134
100
_a
सिनकर श्रीकांत
245
_a
अभागी
260
_b
राजेंद्र प्रकाशन
_c
1968
300
_a
114
365
_b
5
520
_a
कादंबरी
630
_a
अभागी
650
_a
कादंबरी
730
_a
अभागी
942
_c
BOOK
999
_c
630528
_d
630525